[Event "Norrkoeping Easter op"]
[Site "Norrkoeping"]
[Date "2010.04.04"]
[Round "7"]
[White "Deltin, Johnny"]
[Black "Norlin, Egor"]
[Result "1/2-1/2"]
[WhiteElo "2142"]
[BlackElo "1963"]
[PlyCount "52"]
[EventDate "2010.04.02"]
[EventType "swiss"]
[EventRounds "8"]
[EventCountry "SWE"]
[SourceTitle "CBM 135 Extra"]
[Source "ChessBase"]
[SourceDate "2010.05.04"]
[SourceVersion "1"]
[SourceVersionDate "2010.05.04"]
[SourceQuality "1"]

1. e4 e6 2. d4 d5 3. Nc3 Bb4 4. e5 c5 5. a3 Bxc3+ 6. bxc3 Qc7 7. Qg4 f5 8. Qg3 Nc6 9. Nf3 Nge7 10. Bd2 0-0 11. Bd3 Bd7 12. h4 cxd4 13. cxd4 f4 14. Qg5 Nf5 15. c3 Rac8 16. 0-0 Na5 17. Rab1 b6 18. Rfe1 Nc4 19. Bc1 Nh6 20. Bxf4 Nxa3 21. Rbc1 Bb5 22. Bxb5 Nxb5 23. Bd2 Na3 24. Qe3 Nc4 25. Qd3 Nxd2 26. Qxd2 Nf5 1/2-1/2